Capitals Starting with 'M' - Statistics

General Stats
  • This quiz has been taken 386 times
  • The average score is 15 of 19
Answer Stats
Continent Capital % Correct
North America Mexico City
93%
South America Montevideo
93%
Europe Madrid
92%
Europe Minsk
86%
Europe Moscow
84%
Europe Monaco
83%
Africa Maputo
82%
Asia Manila
81%
North America Managua
80%
Asia Manama
79%
Africa Mogadishu
76%
Asia Malé
74%
Africa Monrovia
74%
Africa Maseru
71%
Africa Mbabane
71%
Oceania Majuro
70%
Asia Muscat
68%
Africa Moroni
67%
Africa Malabo
66%
No matching quizzes found
Score Distribution
Percent of People with Each Score
Percentile by Number Answered
Your Score History
You have not taken this quiz